| 000 | 00395nam a2200145 4500 | ||
|---|---|---|---|
| 001 | 17026 | ||
| 005 | 20230411085950.0 | ||
| 008 | 060907n1996 dr spa | ||
| 035 | _9funglode17161 | ||
| 041 | _aES | ||
| 245 | 0 |
_aJuntos podemos : _bfe y alegria movimiento de educación popular integral |
|
| 260 |
_a(Santo Domingo) : _b[s.n.], _c1996 |
||
| 300 | _ap.v. | ||
| 942 |
_2lcc _cbk |
||
| 999 |
_c110134 _d110134 |
||